Entrepreneurship and innovation in evolving economies : (Record no. 18144)
[ view plain ]
| 000 -LEADER | |
|---|---|
| fixed length control field | 01250pam a2200337 a 4500 |
| 001 - CONTROL NUMBER | |
| control field | 016062844 |
| 003 - CONTROL NUMBER IDENTIFIER | |
| control field | OSt |
| 005 - DATE AND TIME OF LATEST TRANSACTION | |
| control field | 20201128021036.0 |
| 008 - FIXED-LENGTH DATA ELEMENTS--GENERAL INFORMATION | |
| fixed length control field | 120326t2012 xxkak frb 001 0 eng d |
| 020 ## - INTERNATIONAL STANDARD BOOK NUMBER | |
| International Standard Book Number | 9780857934697 (cased) |
| 020 ## - INTERNATIONAL STANDARD BOOK NUMBER | |
| International Standard Book Number | 0857934694 (cased) |
| 020 ## - INTERNATIONAL STANDARD BOOK NUMBER | |
| International Standard Book Number | 9781781951897 (paperback) |
| 020 ## - INTERNATIONAL STANDARD BOOK NUMBER | |
| Cancelled/invalid ISBN | 9780857934703 (ebook) |
| 020 ## - INTERNATIONAL STANDARD BOOK NUMBER | |
| Cancelled/invalid ISBN | 0857934708 (ebook) |
| 040 ## - CATALOGING SOURCE | |
| Original cataloging agency | StDuBDS |
| Language of cataloging | eng |
| Transcribing agency | StDuBDS |
| Modifying agency | Uk |
| 082 04 - DEWEY DECIMAL CLASSIFICATION NUMBER | |
| Classification number | 343.07 |
| Edition number | 22 |
| Item number | ENT |
| 245 00 - TITLE STATEMENT | |
| Title | Entrepreneurship and innovation in evolving economies : |
| Remainder of title | the role of law / |
| Statement of responsibility, etc | edited by Megan M. Carpenter. |
| 260 ## - PUBLICATION, DISTRIBUTION, ETC. (IMPRINT) | |
| Place of publication, distribution, etc | Cheltenham, United Kingdom ; |
| -- | Northampton, United States : |
| Name of publisher, distributor, etc | Edward Elgar, |
| Date of publication, distribution, etc | c.2012 |
| Manufacturer | (MPG Books Group) |
| 300 ## - PHYSICAL DESCRIPTION | |
| Extent | xv, 258 p. : |
| Other physical details | forms, tables ; |
| Dimensions | 24 cm. |
| 490 0# - Series Statement | |
| Series statement | Elgar law and entrepreneurship |
| 500 ## - GENERAL NOTE | |
| General note | Index : p. 247-258. |
| 504 ## - BIBLIOGRAPHY, ETC. NOTE | |
| Bibliography, etc | Includes bibliographical references. |
| 650 #0 - SUBJECT ADDED ENTRY--TOPICAL TERM | |
| Topical term or geographic name as entry element | Law and economics |
| 9 (RLIN) | 35740 |
| 650 #0 - SUBJECT ADDED ENTRY--TOPICAL TERM | |
| Topical term or geographic name as entry element | New business enterprises |
| General subdivision | Law and legislation |
| 9 (RLIN) | 35741 |
| 650 #0 - SUBJECT ADDED ENTRY--TOPICAL TERM | |
| Topical term or geographic name as entry element | Small business |
| General subdivision | Law and legislation. |
| 9 (RLIN) | 35742 |
| Chronological subdivision | Law and legislation. |
| 650 #0 - SUBJECT ADDED ENTRY--TOPICAL TERM | |
| Topical term or geographic name as entry element | Entrepreneurship |
| 9 (RLIN) | 240 |
| 653 ## - INDEX TERM--UNCONTROLLED | |
| Resource For college | BAEPS, Business Administration |
| Arrived date list | March2014 |
| 655 ## - INDEX TERM--GENRE/FORM | |
| Form subdivision | |
| -- | 34232 |
| 700 1# - ADDED ENTRY--PERSONAL NAME | |
| Personal name | Carpenter, Megan M. |
| 9 (RLIN) | 35743 |
| Relator term | editor. |
| 942 ## - ADDED ENTRY ELEMENTS (KOHA) | |
| Source of classification or shelving scheme | Dewey Decimal Classification |
| Call number prefix | 343.07 ENT |
| Withdrawn status | Item status | Source of classification or shelving scheme | Damaged status | Not for loan | Vendor | Home library | Current library | Shelving location | Date acquired | Source of acquisition | Cost, normal purchase price | Total Checkouts | Total Renewals | Full call number | Barcode | Date last seen | Date last borrowed | Cost, replacement price | Koha item type |
|---|---|---|---|---|---|---|---|---|---|---|---|---|---|---|---|---|---|---|---|
| Dewey Decimal Classification | Baccah | Central Library | Central Library | First floor | 23/03/2014 | 780.00 | 5 | 48 | 343.07 ENT | 000035787 | 15/07/2025 | 03/07/2017 | 975.00 | Book - Borrowing |